Mathematical statistcis (Record no. 296922)

000 -LEADER
fixed length control field 00197 a2200097 4500
001 - CONTROL NUMBER
control field 61849
090 ## - LOCALLY ASSIGNED LC-TYPE CALL NUMBER (OCLC); LOCAL CALL NUMBER (RLIN)
-- 37146
-- 37146
100 ## - MAIN ENTRY--PERSONAL NAME
Personal name Freeman
245 ## - TITLE STATEMENT
Title Mathematical statistcis
260 ## - PUBLICATION, DISTRIBUTION, ETC.
Place of publication, distribution, etc. Ibd
Name of publisher, distributor, etc. NBF IBD
Date of publication, distribution, etc. 2000
942 ## - ADDED ENTRY ELEMENTS (KOHA)
Institution code [OBSOLETE] NUST-CAE
Holdings
Withdrawn status Lost status Damaged status Not for loan Collection code Permanent Location Current Location Date acquired Total Checkouts Barcode Date last seen Price effective from Koha item type
          College of Aeronautical Engineering (CAE) College of Aeronautical Engineering (CAE) 04/03/2017   CAEN-4271 04/05/2017 04/05/2017 Book
© 2023 Central Library, National University of Sciences and Technology. All Rights Reserved.